000 01542nam a2200397 a 4500
001 dia_5367
003 CHAP
005 20250523113051.0
007 ta
008 220117s1984 mx d fr 000 0 spa d
040 _cCHAP
_amxchpua
090 _aT.C.21
_bR47
_c1984
245 1 0 _aResultados del viaje de estudios de 5º año de la especialidad de Industrias Agrícolas, realizado a la región de la Costa de Oaxaca del 21 al 29 de octubre de 1984 /
_ccoordinador Nicolás Dillanes Ramírez...[et al.]
260 _aMéxico :
_bEl autor,
_c1984
300 _aca. 120 hojas :
_bgráficas, diagramas
336 _2rdacontent
_atexto
_btxt
337 _2rdamedia
_asin medio
_bn
338 _2rdacarrier
_avolumen
_bnc
500 _a5° año
502 _aViaje de estudios --
_cUACh. Departamento de Ingeniería Agroindustrial,
_d1984
650 1 3 _aLimón
_9158305
_zMéxico
_zOaxaca
650 1 3 _aPlantas oleaginosas
_9158455
_zMéxico
_zOaxaca
650 1 3 _aLemon
_9158453
_zMexico
_zOaxaca
650 1 3 _aOilseeds
_9158454
_zMexico
_zOaxaca
700 1 _aDillanes Ramírez, Nicolás
_9158382
_ecoordinador
700 1 _aRodríguez Canto, Adolfo
_ecoordinador
_998359
700 1 _aFlores Verduzco, Samuel
_ecoordinador
_941785
700 1 _aSánchez Peña, José Víctor
_9107749
_ecoordinador
700 1 _aSánchez Domínguez, Samuel
_ecoordinador
_9107478
901 _aT.C.21 R47 1984
902 _aM
905 _a5332271984 mx nmi 8222223322spa16
942 _2local
942 _cVE
999 _c176304
_d176304